=LDR 00000nam 2200000 4500 =001 INLIS000000000014993 =005 20130612110255 =008 ***********************************Ind** =035 ##$$0010-061300000014993 =041 ##$$a Ind =082 ##$$a 635.21 =090 ##$$a 635.21, Set k =100 ##$$a Setiadi =245 ##$$a Kentang, Varietas dan pembudidayaan, Setiadi, Surya Fitri Nurulhuda =260 ##$$a 1994 $b Jakarta =300 ##$$a viii, 89 hlm, Ilus, 21 cm =650 ##$$a Kentang-budidaya =700 ##$$a Nurulhuda, surya fitri =850 ##$$a NBPNMAT